| 000 | 02088cam a22004577a 4500 | ||
|---|---|---|---|
| 003 | CHAP | ||
| 005 | 20240430114619.0 | ||
| 008 | 050526d2000 es r 00110 spa d | ||
| 010 | _a90343 | ||
| 011 | _a91315 | ||
| 020 | _a8441509743 | ||
| 035 | _a101873 | ||
| 040 | _cCHAP | ||
| 082 | 0 | 4 |
_a001.6424 _bG3 |
| 100 | 0 | 0 |
_aGarcía, Purificación. _946805 |
| 245 | 1 | 0 |
_aModelos económicos y financieros con Excel 2000 _c/por Purificación García y Kiko Rial |
| 260 |
_aMadrid : _bAnaya multimedia, _c2000. |
||
| 300 |
_a287 p. _b+ 1 disco compacto 4 3/4 plgs. |
||
| 490 | 0 | _aGuía práctica para usuarios | |
| 500 | _aCD: guía práctica para usuarios incluye : Microsoft Internet Explorer 5; Netscape communicator | ||
| 590 |
_aBATCH-UPD _b10 _c20130110 |
||
| 590 |
_aBATCH-UPD _b10 _c20130110 |
||
| 590 |
_aBATCH-UPD _b10 _c20130410 |
||
| 590 |
_aBATCH-UPD _b10 _c20130410 |
||
| 590 |
_aBATCH-UPD _b10 _c20130914 |
||
| 590 |
_aCONVERSION _b10 _c20130109 |
||
| 650 | 1 | 4 |
_aExcel. _939029 |
| 650 | 1 | 4 |
_aHojas de cálculo electrónico. _955866 |
| 650 | 1 | 4 |
_aProcesamiento automático de datos en finanzas. _991777 |
| 700 | 0 |
_aRial, Kiko. _997178 |
|
| 830 | 0 | 0 |
_aGuía práctica para usuarios _951497 |
| 901 | _aBK | ||
| 905 | _aLilia | ||
| 942 |
_cCD _2ddc |
||
| 949 |
_a001.6424 G3 _bBC _cCD _d33724002026157 _eCD _fCD _gI.c/e _i101873 _mIncluye un CD con ejercicios y material complementario _sb |
||
| 949 |
_a001.6424 G3 _bBC _cCD _d33724002026199 _eCD _fc.2 CD _gI.c/e _i101873 _mIncluye un CD con ejercicios y material complementario _sb |
||
| 949 |
_a001.6424 G3 _bBC _cCD _d33724002026231 _eCD _fc.3 CD _gI.c/e _i101873 _sb |
||
| 949 |
_a001.6424 G3 _bBC _cLIBRO _d33724000951000 _eLIBRO _fc.3 _gI.c/e _h105838 _i101873 _mIncluye un CD con ejercicios y material complementario _si _t$174.00 |
||
| 949 |
_a001.6424 G3 _bBC _cLIBRO _d33724000951067 _eLIBRO _fc.2 _gI.c/e _h105837 _i101873 _mIncluye un CD con ejercicios y material complementario _si _t$174.00 |
||
| 949 |
_a001.6424 G3 _bBC _cLIBRO _d33724000951125 _eLIBRO _gI.c/e _h105836 _i101873 _mIncluye un CD con ejercicios y material complementario _si _t$174.00 |
||
| 999 |
_c90343 _d90343 |
||